00957nam a2200217 a 450000100100000000500170001000800410002702000180006804000250008608200160011110000370012724501060016426000360027030000210030650400320032704900090035995201200036895201140048895201200060299900170072200002820820200930031435.0110407s2010 dr 000 0 spa d a9789945163803 aDO-SdBNPbspacBNPHU axxxxbC352r1 aCastillo, Demetrio Miguel95520310aReflexiones controversiales para la mejora del medio ambiente dominicano /cDemetrio Miguel Castillo. aSanto Domingo :bBúho,c2010. a126 p. ;c21 cm. aBibliografía : p. 125-126 aBNPD 0010718DSaGRbGRcCTd2011-04-07iLF1l0oxxxx C352rp28208-30r2020-06-25te. 3w2020-06-25yLFDSZNo se presta 0010718PDaPDbPDcCTd2011-04-07iLF1l0oxxxx C352rp28208-10r2020-06-25w2020-06-25yLFPDZNo se presta 0010718PDaPDbPDcCTd2011-04-07iLF1l0oxxxx C352rp28208-20r2020-06-25te. 2w2020-06-25yLFPDZNo se presta c27700d27700